Políticas de la vida. (Registro nro. 1277)
[ vista simple ]
| 000 -LEADER | |
|---|---|
| fixed length control field | 01008nam a2200289 a 4500 |
| 005 - FECHA ULTIMA MODIFICACION | |
| control field | 20240516125022.0 |
| 008 - CAMPO DE CONTROL (LIBRO) | |
| fixed length control field | 100831s2012||||ag d f |||| 00| 0 spa d |
| 020 ## - INTERNATIONAL STANDARD BOOK NUMBER | |
| ISBN | 9789872776121 |
| 041 ## - CODIGO DE IDIOMA | |
| Código de idioma de la versión original y/o traducciones intermedias del texto | spa |
| 092 ## - SIGNATURA TOPOGRAFICA DEWEY LOCAL | |
| número de clasificación | 174 |
| libristica | 75 |
| sección | ROS |
| 100 1# - ENTRADA PRINCIPAL--NOMBRE PERSONAL | |
| Nombre personal | Rose, Nikolas |
| 9 (RLIN) | 1994 |
| 245 ## - TITULO PROPIAMENTE DICHO | |
| Título | Políticas de la vida. |
| Subtítulo y Título paralelo | Biomedicina, poder y subjetividad en el siglo XXI / |
| Mención de responsabilidad y remanente de la transcripción de la portada | Nikolas Rose |
| 250 ## - MENCION DE EDICION | |
| Mención de edición | 1a ed. |
| 260 ## - PIE DE IMPRENTA | |
| Lugar de publicación, distribución, etc | La Plata [Buenos Aires]: |
| Nombre de la editorial, distribuidor, etc | UNIPE; |
| Fecha de publicación | 2012. |
| 300 ## - DESCRIPCION FISICA | |
| Extension | 580 p. |
| 500 ## - NOTA GENERAL | |
| Nota general | Rose, N. (2012). Políticas de la vida. Biomedicina, poder y subjetividades en el siglo XXI. (1a ed.). Buenos Aires : UNIPE. |
| 653 ## - TÉRMINO INDIZADO - PALABRAS CLAVES | |
| Palabra clave | Biopolítica en el siglo XXI |
| 653 ## - TÉRMINO INDIZADO - PALABRAS CLAVES | |
| Palabra clave | Política y vida |
| 653 ## - TÉRMINO INDIZADO - PALABRAS CLAVES | |
| Palabra clave | Una forma de vida emergente? |
| 653 ## - TÉRMINO INDIZADO - PALABRAS CLAVES | |
| Palabra clave | Riesgo genético |
| 653 ## - TÉRMINO INDIZADO - PALABRAS CLAVES | |
| Palabra clave | Ciudadanos biológicos |
| 653 ## - TÉRMINO INDIZADO - PALABRAS CLAVES | |
| Palabra clave | Raza en la era de la medicina genómica |
| 653 ## - TÉRMINO INDIZADO - PALABRAS CLAVES | |
| Palabra clave | Yo neuroquímico |
| 653 ## - TÉRMINO INDIZADO - PALABRAS CLAVES | |
| Palabra clave | Biología del control |
| 653 ## - TÉRMINO INDIZADO - PALABRAS CLAVES | |
| Palabra clave | Etica somática y el espíritu del biocapital |
| 942 ## - ADDED ENTRY ELEMENTS (KOHA) | |
| Source of classification or shelving scheme | Dewey Decimal Classification |
| Item type | Libros |
| Estado de retiro | Existencia | Fuente de clasificación | Estado general | No para prestamo | Ubicación permanente | ubicación actual | Sala de ubicación | Fecha de adquisición | Fuente de adquisición | Costo, precio normal de compra | Total Checkouts | Número de clasificación | Código de barras | Date last seen | Número de ejemplar | Price effective from | Koha tipo de elemento (item) | Public note | Colección | Date last borrowed |
|---|---|---|---|---|---|---|---|---|---|---|---|---|---|---|---|---|---|---|---|---|
| Dewey Decimal Classification | Biblioteca Medicina | Biblioteca Medicina | Circulación | 19/03/2013 | PROMED | 140.00 | 174 75 ROS | 2813 | 06/11/2014 | ej.1 | 19/03/2013 | Libros | COMPRA PROMED 2DA ETAPA, MARZO 2013 | |||||||
| Dewey Decimal Classification | Biblioteca Medicina | Biblioteca Medicina | Circulación | 17/04/2013 | PROYECTO PROMED | 140.00 | 1 | 174 75 ROS | 2827 | 06/11/2014 | Ej. 2 | 17/04/2013 | Libros | Proyecto PROMED 2013 | Non-fiction | 19/04/2013 |